Municipios de León en un mapa - Estadísticas

Estadísticas generales
  • Esta prueba ha sido intentada 377 veces
    134 desde el último reinicio
  • La puntuación promedio es 42 de 220
Respuestas en el mapa
Las respuestas están codificadas por una escala verde-roja en el mapa de la prueba según el % correcto abajo.
 
Estadísticas de respuestas
Respuesta % Correcto
Ponferrada
90%
León
88%
Astorga
76%
La Bañeza
69%
Villablino
65%
Bembibre
63%
Riaño
63%
Villaquilambre
63%
Villafranca del Bierzo
59%
Cacabelos
57%
San Andrés del Rabanedo
57%
Boñar
51%
Sahagún
51%
La Robla
49%
Cistierna
47%
Fabero
47%
Puente de Domingo Flórez
47%
Santa María del Páramo
47%
Valencia de Don Juan
47%
Villamanín
45%
Hospital de Órbigo
39%
Posada de Valdeón
39%
Sabero
39%
Truchas
39%
Torre del Bierzo
37%
La Pola de Gordón
35%
Mansilla de las Mulas
35%
Oseja de Sajambre
35%
Balboa
33%
Camponaraya
33%
Cármenes
33%
Cuadros
33%
La Vecilla
33%
Valderas
33%
Villaornate y Castro
33%
Los Barrios de Luna
31%
Páramo del Sil
31%
Robles de la Valcueva (Matallana de Torío)
31%
Sena de Luna
31%
Toreno
31%
Cea
29%
Palacios de Sil
29%
Prioro
29%
Toral de los Vados
29%
Boca de Huérgano
27%
Burón
27%
Carracedelo
27%
Carrucedo
27%
Castrocontrigo
27%
Gradefes
27%
Molinaseca
27%
Puebla de Lillo
27%
Valverde de la Virgen
27%
Valverde-Enrique
27%
Almanza
24%
Carrizo de la Ribera
24%
Crémenes
24%
Oencia
24%
Onzonilla
24%
San Justo de la Vega
24%
Sariegos del Bernesga
24%
Soto y Amío
24%
Valderrueda
24%
Valdevimbre
24%
Vegacervera
24%
Villadangos del Páramo
24%
Villamañán
24%
Cembranos (Chozas de Abajo)
22%
Garrafe de Torío
22%
San Emiliano
22%
Santas Martas
22%
Castrocalbón
20%
Cubillos del Sil
20%
Folgoso de la Ribera
20%
Fresno de la Vega
20%
Maraña
20%
Santa Marina del Rey
20%
Toral de los Guzmanes
20%
Villarejo de Órbigo
20%
Acebedo
18%
Benavides de Órbigo
18%
Cabrillanes
18%
La Ercina
18%
Llamas de la Ribera
18%
Vega de Valcarce
18%
Alija del Infantado
16%
Benuza
16%
Cabañas Raras
16%
El Burgo Ranero
16%
Grajal de Campos
16%
Igüeña
16%
Mansilla Mayor
16%
Murias de Paredes
16%
Quintana y Congosto
16%
Reyero
16%
Rioseco de Tapia
16%
Santa Colomba de Somoza
16%
Valdepiélago
16%
Val de San Lorenzo
16%
Villaquejida
16%
Arganza
14%
Cabreros del Río
14%
Castropodame
14%
Cimanes del Tejar
14%
Las Omañas
14%
Lugueros (Valdelugueros)
14%
Riego de la Vega
14%
Santovenia de la Valdoncina
14%
Trabadelo
14%
Valdefresno
14%
Vegas del Condado
14%
Ardón
12%
Bercianos del Páramo
12%
Borrenes
12%
Brazuelo
12%
Castrillo de Cabrera
12%
Chozas de Abajo
12%
Congosto
12%
Destriana
12%
Encinedo
12%
La Antigua
12%
Laguna de Negrillos
12%
Noceda del Bierzo
12%
Pajares de los Oteros
12%
Prado de la Guzpeña
12%
Priaranza del Bierzo
12%
Riello
12%
Santa Elena de Jamuz
12%
Santa María de Ordás
12%
Vegaquemada
12%
Villaturiel
12%
Algadefe
10%
Barjas
10%
Bercianos del Real Camino
10%
Berlanga del Bierzo
10%
Brañuelas (Villagatón)
10%
Candín
10%
Cebanico
10%
Cimanes de la Vega
10%
Corullón
10%
Cubillas de Rueda
10%
Gordoncillo
10%
Luyego de Somoza
10%
Matadeón de los Oteros
10%
Peranzanes
10%
Pobladura de Pelayo García
10%
Santa Colomba de Curueño
10%
Santiago Millas
10%
Soto de la Vega
10%
Turcia
10%
Valdepolo
10%
Valdespino (Santiago Millas)
10%
Campazas
8%
Cubillas de los Oteros
8%
Fuentes de Carbajal
8%
Gordaliza del Pino
8%
Izagre
8%
Laguna Dalga
8%
Mancomunidad de Quintanilla del Castillo y Villagatón
8%
Matanza de los Oteros
8%
Palacios de la Valduerna
8%
San Cristóbal de la Polantera
8%
San Millán de los Caballeros
8%
Vega de la Espinareda
8%
Villacalabuey (Villamol)
8%
Villademor de la Vega
8%
Villanueva de las Manzanas
8%
Villares de Órbigo
8%
Zotes del Páramo
8%
Bustillo del Páramo
6%
Campo de Villavidel
6%
Castilfalé
6%
Joarilla de las Matas
6%
Lucillo
6%
San Adrián del Valle
6%
Sancedo
6%
San Esteban de Nogales
6%
Santa María del Monte de Cea
6%
Sobrado
6%
Urdiales del Páramo
6%
Valdemora
6%
Vallecillo
6%
Villamandos
6%
Villamejil
6%
Villamol
6%
Villasabariego
6%
Calzada de Coto
4%
Carrocera
4%
Castrillo de la Valduerna
4%
Castrotierra de Valmadrigal
4%
Cebrones del Río
4%
Corbillos de los Oteros
4%
Escobar de Campos
4%
Estación de Valderrey
4%
Gusendos de los Oteros
4%
Magaz de Cepeda
4%
Pozuelo del Páramo
4%
Quintana del Marco
4%
Regueras de Arriba
4%
Roperuelos del Páramo
4%
San Pedro Bercianos
4%
Santa Cristina de Valmadrigal
4%
Santa María de la Isla
4%
Valdefuentes del Páramo
4%
Valdesamario
4%
Vega de los Infanzones
4%
Villabraz
4%
Villamontán de la Valduerna
4%
Villaobispo de Otero
4%
Villazala
4%
Foncabada (Mancomunidad de Santa María del monte de Cea, Villamol y Villase)
2%
Quintanilla del Castillo
2%
Villamartín de Don Sancho
2%
Villamoratiel de las Matas
2%
Villaselán
2%
Villazanzo de Valderaduey
2%
No se encontraron pruebas coincidentes
Distribución de puntuación
Porcentaje de gente con cada puntuación
Porcentaje por número respondido
Historial de tus puntuaciones
No has intentado esta prueba desde el último reinicio